Other clubs of Chelsea 15/16 players Quiz Stats

 Plays Quiz not verified by Sporcle

Challenge
Share
Tweet
Embed
Score 0/23 Timer 07:00
0 Plays Today
% Correct
Atlético Madrid
95.9%
FC Barcelona
92.9%
Lille
87.2%
Lokomotiv Moscow
78.1%
Benfica
78.1%
Aston Villa
77.6%
Marseille
77.6%
AC Milan
75.5%
New York Red Bulls
74%
Arsenal
70.9%
Nottingham Forest
70.9%
Saint-Étienne
67.9%
% Correct
Augsburg
65.3%
Internacional
58.7%
Portsmouth
58.2%
Lyn
58.2%
Vitesse
58.2%
Porto
54.6%
Fluminense
48.5%
São Paulo
46.4%
Lyon
46.4%
Corinthians
39.8%
Rayo Vallecano
33.7%

You're not logged in!

Compare scores with friends on all Sporcle quizzes.
Join for Free
OR
Log In

You Might Also Like...

Show Comments

Extras

Top Quizzes Today


Score Distribution

Your Account Isn't Verified!

In order to create a playlist on Sporcle, you need to verify the email address you used during registration. Go to your Sporcle Settings to finish the process.

Report this User

Report this user for behavior that violates our Community Guidelines.

Details: